000 00464nam a2200157Ia 4500
008 210716s2006 xx 000 0 und d
020 _a8120328973
041 _aeng
082 _a006.312 SOMK
100 _aSoman, K P; Diwakar, Shyam; Ajay, V.
245 _aInsight into data mining: theory and practice.
_bTheory and practice.
250 _a1
260 _aNew Delhi
_bPrentice Hall of India PVt Ltd
_c2006
300 _axiii,403
650 _aData Warehousing
999 _c190887
_d190887